000 00652nam a2200229Ia 4500
003 OSt
005 20220928102054.0
006 a|||||r|||| 00| 0
007 ta
008 220927b |||||||| |||| 00| 0 eng d
024 _a29074
037 _cTextual
040 _aSDCL
_cSDCL
_beng
041 _2eng
_aeng
082 _aO152,2N03:g(Y15), L9
100 _aTyagi Jagdish Chandra
_9396397
245 0 _aLaxminarayan Mishr ke natako mein naari patra.
260 _aNew Delhi
_bKumar Prakashan
_c1979
300 _a140p
_ccm.
942 _hO152,2N03:g(Y15), L9
_cTEXL
_2CC
999 _c712124
_d712124